000 00483nam a2200181Ia 4500
003 GCL
008 140319s9999 xx 000 0 eng d
020 _a9625931848
040 _aGCL /
_cGCL
082 0 4 _a736.20282593
_bC T
100 1 _aCLARK, CAROLE
245 1 0 _aTROPICAL GEMSTONES OF THAILAND /
_cCLARK, CAROLE
260 _aتايلانــد :
_bASIA BOOKS ،
_c1997
300 _a18 CM ؛
_c64 P
650 0 4 _aDIAMOND
650 0 4 _aGEMSTONES - THAILAND
942 _2ddc
_cBK
999 _c1895
_d1895